Paroles RK ft. LA FOUINE-300 - Statistiques

Statistiques générales
  • Ce quiz a été pris 21 fois
  • Le résultat moyen est 118 sur 428
Statistiques - réponses
Réponse % Correct
à
91%
a
91%
la
82%
82%
La
82%
le
82%
de
73%
ça
64%
en
64%
va
64%
Il
55%
Les
55%
les
55%
ma
55%
m'a
55%
On
55%
on
55%
que
55%
Que
55%
si
55%
300
45%
comme
45%
des
45%
Du
45%
du
45%
Elle
45%
elle
45%
Et
45%
et
45%
Ils
45%
ils
45%
j'ai
45%
J'ai
45%
ken
45%
mon
45%
Mon
45%
ou
45%
par
45%
pas
45%
qu'a
45%
après
36%
car
36%
c'est
36%
C'est
36%
est
36%
J'sors
36%
La Fouine
36%
lourd
36%
pesée
36%
plus
36%
pour
36%
rap
36%
se
36%
singes
36%
sur
36%
un
36%
Un
36%
baby
27%
beaucoup
27%
big
27%
bitch
27%
blanche
27%
cauchemar
27%
cents
27%
Croisette
27%
dans
27%
d'chez
27%
dépense
27%
dit
27%
d'la
27%
encore
27%
fait
27%
faut
27%
jeune
27%
j'suis
27%
J'suis
27%
j't'avance
27%
L.V.
27%
mandat
27%
m'appellent
27%
marche
27%
m'dit
27%
Mes
27%
Michael
27%
Naomi
27%
oublier
27%
pesette
27%
prénom
27%
rappeur
27%
recette
27%
recommence
27%
réveille
27%
système
27%
trois
27%
tu
27%
vendeurs
27%
vu
27%
Amanda
18%
ans
18%
avec
18%
Banlieue
18%
Bébé
18%
bénef'
18%
Caroline
18%
carpet
18%
cash
18%
certifié
18%
chiffres
18%
croiser
18%
d'dépôt
18%
décroiser
18%
décroissants
18%
d'un
18%
gardé
18%
J'dors
18%
j'étais
18%
J'lui
18%
j'me
18%
j'voulais
18%
Kors
18%
La Fouine vs Laouni
18%
l'époque
18%
leur
18%
l'plus
18%
même
18%
mis
18%
m'ont
18%
Natasha
18%
nous
18%
Nous
18%
Pamela
18%
pots
18%
Puis
18%
quatre
18%
qu'j'calcule
18%
ratios
18%
red
18%
sait
18%
Sale
18%
SNEP
18%
sont
18%
Sors
18%
sorties
18%
tard-pé
18%
y'a
18%
appui
9%
Bentley
9%
braque
9%
Camelia
9%
coca
9%
couteaux
9%
deal
9%
deux
9%
d'falsh
9%
dis
9%
donne
9%
d'se
9%
ennemis
9%
envie
9%
étroite
9%
featuring
9%
France
9%
gants
9%
garçons
9%
genou
9%
Gran Turismo
9%
grasse
9%
jouer
9%
J'roule
9%
j'viens
9%
l'tou-doum
9%
mauvais
9%
met
9%
mettent
9%
moi
9%
moucher
9%
ne
9%
Oui
9%
paye
9%
pillave
9%
Porsche
9%
posé
9%
pris
9%
promenade
9%
quand
9%
qu'j'vais
9%
quoi
9%
qu'un
9%
rappeurs
9%
rebeu
9%
relooke
9%
relous
9%
rien
9%
RK
9%
rré-bou
9%
Shaolin
9%
showcase
9%
star
9%
te-tê
9%
tire
9%
tourne
9%
une
9%
Vision
9%
aux
0%
Baba
0%
bien
0%
blaze
0%
Capitale
0%
cette
0%
chill
0%
cinq
0%
classe
0%
coalition
0%
connu
0%
cook
0%
Crime
0%
d'capter
0%
d'cash
0%
dehors
0%
deux-cents
0%
d'flashs
0%
donc
0%
d'or
0%
d'place
0%
d'puis
0%
d'témoin
0%
d'v'nir
0%
enfants
0%
finis
0%
fume
0%
Galeries
0%
grimper
0%
Gros
0%
halls
0%
hasbat
0%
hendek
0%
Jacky Brown
0%
J'arrive
0%
j'connais
0%
j'donne
0%
jette
0%
j'fais
0%
J'mets
0%
j'reviendrai
0%
laisse-moi
0%
l'dos
0%
l'empire
0%
l'entreprise
0%
leurs
0%
l'glory hole
0%
l'heure
0%
l'meilleur
0%
lourds
0%
l'temps
0%
mains
0%
mais
0%
Mais
0%
Massoud
0%
Moi-même
0%
Mwen man sé an badman salope la ka aimé mwen
0%
net
0%
n'voient
0%
pisse
0%
pleines
0%
power
0%
qu'il
0%
qu'y
0%
Radio
0%
roulez
0%
sans
0%
sauce
0%
sens
0%
sept
0%
seul
0%
shmetas
0%
six
0%
sorts
0%
squats
0%
ssè-p
0%
sûrement
0%
tapes
0%
tèc'
0%
T'entends
0%
toucher
0%
touristes
0%
tous
0%
trinque
0%
triste
0%
valeur
0%
vices
0%
vois
0%
Aucun quiz correspondant
Distribution des résultats
% des personnes avec chaque résultat
Percentile par nombre de réponses
Votre historique - résultats
Vous n’avez pas pris ce quiz